000 00887nam a2200265 a 4500
999 _c2352
_d2352
008 200311s2018 ii ad||g m|||a00| 0 eng d
040 _aKO
_beng
041 0 _aeng
044 _aii
082 0 4 _223
_a378.242
_bIRM1715
100 1 _aNair, kirankumar S
_eResearcher
245 3 0 _aAn Organizational Study in Mumbai Port Trust, Mumbai /
_ckirankumar S Nair ; Guide Dr. Jayan P. A.
260 _aKochi :
_bIndian Maritime University,
_c2018
300 _a68 p. :
_bill., charts ;
_c29 cm.
490 0 _aMBA Internship 2017-19 ;
_v1705305015
502 _aInternship (MBA)–Indian Maritime University. School of Maritime Management, 2019.
610 2 0 _aMumbai Port Trust
650 0 _aPort au Port Peninsula (N.L.)
650 0 _aHarbors
655 7 _2lcsh
_aDissertations, Academic
_y2018
700 1 _aP. A., Jayan
_cDr.
_eGuide
904 _aReshma_R
942 _cTH